| 000 | | | 06417cbc2a2200000#x 450 |
| 001 | | | 01567c83-b037-4800-8940-2e8daef8ef17 |
| 005 | | | 20250310093550.0 |
| 101 | 0# | $a | rus |
| 102 | ## | $a | RU |
| 200 | 1# | $a | Дело о зачете профессору Московского университета Н. И. Пирогову в действительную службу времени нахождения его в профессорском институте при Дерптском университете |
| | $j | 11 декабря 1853 г. - 13 января 1854 г. |
| 251 | ## | $c | Дело |
| 215 | ## | $a | 21 лист |
| | $d | 36,5х26 см |
| 225 | 0# | $a | Фонд Департамент народного просвещения Министерства народного просвещения |
| | $h | Опись № 36 |
| 300 | ## | $a | Оригинальный заголовок дела: Дело о зачислении ординарному профессору Императорской медико-хирургической академии Пирогову в действительную службу трехлетнего нахождения при Дерптском университете. 11 декабря 1853 г. - 13 января 1854 г. |
| 300 | ## | $a | Рукописный текст. Чернила |
| 801 | #0 | $a | RU |
| | $b | РГИА |
| 801 | #1 | $a | RU |
| | $b | ПБ им. Б.Н. Ельцина |
| | $2 | rusmarc |
| | $c | 20170327 |
| 801 | #2 | $a | RU |
| | $b | ПБ им. Б.Н. Ельцина |
| | $g | RCR |
| | $2 | rusmarc |
| 850 | ## | $a | Федеральное казенное учреждение "Российский государственный исторический архив" |
| 852 | ## | $a | РГИА |
| | $j | 59 |
| 937 | ## | $d | 11136946 |
| | $h | ПБ |
| 100 | ## | $a | 20131204l18531854k##a0rusy0102####ca |
| 105 | ## | $a | y### |
| 122 | 2# | $a | d18531211## |
| | $a | d18540113## |
| 517 | 1# | $a | Дело о зачислении ординарному профессору Императорской медико-хирургической академии Пирогову в действительную службу трехлетнего нахождения при Дерптском университете |
| | $e | 11 декабря 1853 г. - 13 января 1854 г. |
| 461 | #0 | $1 | 001a74412a3-3cc5-4d21-8f0a-dfe2fbd9e72d |
| | $1 | 2001 |
| | $a | Департамент народного просвещения Министерства народного просвещения |
| | $1 | 251 |
| | $c | Фонд |
| | $1 | 852 |
| | $j | 733 |
| 462 | #0 | $1 | 0016123ef65-517e-4549-893f-e163fdebb80d |
| | $1 | 2001 |
| | $a | 1852-1845 гг. |
| | $v | Д. 59 |
| | $1 | 251 |
| | $c | Опись |
| | $1 | 852 |
| | $j | 36 |
| 035 | ## | $a | 01567c83-b037-4800-8940-2e8daef8ef17 |
| 856 | ## | $u | http://readingroom.main.prlib.ru/item.aspx?id_node=n96385934 |
| 605 | ## | $2 | acquisition_Prlib |
| | $3 | LIBNET\UAF\0000114831 |
| | $a | Н. И. Пирогов |
| | $l | коллекция |
| 605 | ## | $2 | acquisition_Prlib |
| | $3 | DITM\AF\0000004166 |
| | $a | Россия в лицах |
| | $l | коллекция |
| 605 | ## | $2 | acquisition_Prlib |
| | $3 | DITM\AF\0000003834 |
| | $a | Народ |
| | $l | коллекция |
| 605 | ## | $2 | acquisition_Prlib |
| | $3 | LIBNET\UAF\0000107109 |
| | $a | История образования в России |
| | $l | коллекция |
| 600 | #1 | $2 | nlr_sh |
| | $3 | RU\NLR\AUTH\6642682 |
| | $a | Пирогов |
| | $b | Н.И. |
| | $f | 1810 - 1881 |
| | $g | Николай Иванович |
| | $j | Архивные дела |
| 601 | 02 | $2 | nlr_sh |
| | $3 | RU\NLR\AUTH\66554636 |
| | $a | Московский университет |
| | $j | Архивные дела |
| | $x | История |
| 601 | 02 | $2 | nlr_sh |
| | $3 | RU\NLR\AUTH\661353525 |
| | $a | Тартуский университет |
| | $j | Архивные дела |
| | $x | История |
| 686 | ## | $2 | rubbk |
| | $a | 63.3(2)52-8ю1 |
| | $v | LBC/M |
| 686 | ## | $2 | rubbk |
| | $a | 74.03(2)52ю1 |
| | $v | LBC/M |